Statystyki dla Tramwaje Warszawa- Linia 11 (przystanki)

Kliknij tutaj aby rozwiązać quiz!

Ogólne statystyki

  • Ten quiz został rozwiązany 31 razy
  • Średni wynik to 15 z 23

Statystyki odpowiedzi

Numer przystankuNazwa przystanku% Poprawnych
11.Synów Pułku
88%
8.Czumy
80%
5.Dywizjonu 303
80%
14.Fort Wola
80%
4.Radiowa
80%
7.Bemowo-ratusz
76%
12.Ciepłownia Wola
76%
9.Hala Wola
76%
1.Koło
72%
2.Marynin
72%
16.Reduta Wolska
72%
24.Rondo Daszyńskiego
72%
15.Sowińskiego
72%
17.Elekcyjna
68%
20.Metro Płocka
68%
18.PKP Wola (Wolska)
68%
6.Kazubów
64%
3.Orlich Gniazd
60%
13.Połczyńska Parking P+R
60%
23.Karolkowa
52%
22.Szpital Wolski
44%
21.Rogalińska
40%
19.Sokołwska
16%

Rozkład punktacji

Percentyl według liczby udzielonych odpowiedzi

Procent ludzi z każdym wynikiem

Twoja historia wyników

Nie rozwiązałeś tego quizu